00581nam a2200193Ia 4500008004100000020001500041082000800056100002900064245005800093250000600151260003700157300001600194500002400210650001500234700002400249942000700273952009000280999001700370230524s9999 xx 000 0 und d a8123909276 bCLA aAlbert E Clayton 942574 4aThe Performance and Design of Direct Current Machines a3 aNew DelhibCBS Publicationc2004 a"XII,507p;" aQuantity Number: 1 aElectrical a N N Hancock942575 cBK 00104070aTATCLbTATCLcGENd2023-05-24l0o CLAp54006r2023-05-24w2023-05-24yBK c57534d57534